000 00776nam a22002297a 4500
003 AR-BeUNQ
005 20251105165224.0
008 251105b |||||||| |||| 00| 0 spa d
020 _a9879334
040 _aAR-BeUNQ
_bspa
_cAR-BeUNQ
_eaacr
082 _221
_a362 REG
100 0 1 _aReguillo Cruz, Rossana
_cautora
_d28/09/1955
_eaut.
245 1 _aEmergencia de culturas juveniles :
_bEstrategia del desencanto.
_cRossana Reguillo Cruz.
_hLibro
260 _aBuenos Aires :
_bNorma,
_c2000
300 _a182 p.
_c11x18 cm
490 _aEnciclopedia Latinoamericana de Sociocultura y Comunicacion
500 _aEnsayo
650 _2spines
_aSociologia
651 _2unescot
_aMexico
929 _aDONACION
_bPatricia Taborda
_c0
_d0
_e12/09/2022
_fPAT 0083699
_j59739
942 _cLIB
999 _c1411
_d1411